000 02301nam a2200349 i 4500
003 peliumch
005 20260305114442.0
007 ta
008 260305b |||||||| |||| 00| 0 eng d
020 _a9788471336972
040 _aUMCH
_bspa
_cUMCH
_djmr
_erda
041 0 _aspa
043 _as-pe---
082 _a519.2/X6
100 1 _aXiménez Gómez, María Carmen
_eautor
245 _aAnálisis de varianza con medidas repetidas :
_bcuadernos de estadística
250 _aPrimera edición.
264 1 _aMadrid ;
_bLa muralla SA.
_c2000
264 4 _c©2000
300 _a144 páginas ;
_c22 cm
500 _aEn la presente monografía se exponen los principales modelos de análisis de varianza (o ANOVA) con medidas repetidas. Está especialmente dirigida a profesionales de las ciencias sociales y la educación/o a estudiantes de licenciatura o postgrado cuya actividad investigadora precise el análisis de datos con medidas repetidas. Se estructura en dos partes. En la primera se expone el modelo que incluye un único factor, y en la segunda los modelos de dos factores (medidas repetidas en ambos y sólo en un factor). Para cada modelo se hace referencia al modelo lineal general que plantea, el tipo de datos que permite analizar, los supuestos estadísticos en que se basa y los estadísticos que utiliza. La explicación de cada modelo se acompaña con ejemplos resueltos tanto numéricamente como mediante soporte informático a través del programa SPSS para Windows. Los autores han cuidado al máximo la claridad en la exposición y en la organización de contenidos para que el lector que no disponga de una base matemática sólida pueda seguir el texto sin dificultad.
504 _aIncluye bibliograía
505 0 _g1:
_tIntroducción general--
_g2:
_tEl modelo lineal general--
_g3:
_tEl modelo de análisis de varianza con medidas repetidas de un factor--
_g4:
_tEl modelo de análisis de varianza con medidas repetidas de dos factores.
521 _aRecomendado para un público en general.
650 1 4 _aTécnicas de análisis
700 1 _aSan Martín Castellanos, Rafael
_eautor
942 _2ddc
_cLIB
_n0
999 _c53684
_d53684